| 000 | 00489nam a22001937a 4500 | ||
|---|---|---|---|
| 003 | bpm | ||
| 005 | 20260414110229.0 | ||
| 008 | 260414b |||||||| |||| 00| j spa d | ||
| 024 | _aS. C. C. / M. C. y E. M.: | ||
| 040 | _aAR-CtUCP | ||
| 041 | _aspa | ||
| 080 | _aCDU | ||
| 100 | _aMinisterio de Eduación | ||
| 245 | _aCuentos para seguir creciendo | ||
| 260 |
_aBuenos Aires _bMinisterio de Eduación _c2008 |
||
| 650 | _aLiteratura - Cuento | ||
| 942 | _cLIB | ||
| 999 |
_c76635 _d76635 |
||